MARC details
| 000 -CABECERA |
| campo de control de longitud fija |
03506pam a2200517 i 4500 |
| 001 - NÚMERO DE CONTROL |
| campo de control |
991014728749707026 |
| 003 - IDENTIFICADOR DEL NÚMERO DE CONTROL |
| campo de control |
UkOxU |
| 005 - FECHA Y HORA DE LA ÚLTIMA TRANSACCIÓN |
| campo de control |
20260512145744.0 |
| 006 - CÓDIGOS DE INFORMACIÓN DE LONGITUD FIJA--CARACTERÍSTICAS DEL MATERIAL ADICIONAL |
| campo de control de longitud fija |
m || d | |
| 007 - CAMPO FIJO DE DESCRIPCIÓN FÍSICA--INFORMACIÓN GENERAL |
| campo de control de longitud fija |
cr ||||||||||| |
| 008 - DATOS DE LONGITUD FIJA--INFORMACIÓN GENERAL |
| campo de control de longitud fija |
210916s2021 enka ob 001|0|eng|d |
| 015 ## - NÚMERO DE BIBLIOGRAFÍA NACIONAL |
| Número de bibliografía nacional |
GBC1F9818 |
| Fuente |
bnb |
| 020 ## - NÚMERO INTERNACIONAL ESTÁNDAR DEL LIBRO |
| Número Internacional Estándar del Libro |
9781292251561 (ePub ebook) : |
| 020 ## - NÚMERO INTERNACIONAL ESTÁNDAR DEL LIBRO |
| Número Internacional Estándar del Libro |
9781292251547 (PDF ebook) : |
| 020 ## - NÚMERO INTERNACIONAL ESTÁNDAR DEL LIBRO |
| ISBN cancelado o inválido |
9781292251523 (pbk.) : |
| 035 ## - NÚMERO DE CONTROL DEL SISTEMA |
| Número de control de sistema |
022628684-44oxf_inst |
| 035 ## - NÚMERO DE CONTROL DEL SISTEMA |
| Número de control de sistema |
(UkOxU)022628684 |
| 035 ## - NÚMERO DE CONTROL DEL SISTEMA |
| Número de control de sistema |
(Uk)020295688 |
| 037 ## - FUENTE DE ADQUISICIÓN |
| Número de adquisición |
9781292251561 |
| Fuente del número de adquisición |
Pearson UK |
| 040 ## - FUENTE DE LA CATALOGACIÓN |
| Centro catalogador/agencia de origen |
StDuBDS |
| Lengua de catalogación |
eng |
| Normas de descripción |
rda |
| -- |
pn |
| Centro/agencia transcriptor |
StDuBDS |
| Centro/agencia modificador |
Uk |
| 041 ## - CÓDIGO DE LENGUA |
| Código de lengua del texto/banda sonora o título independiente |
English |
| 042 ## - CÃDIGO DE AUTENTICACIÃN |
| Código de autenticación |
ukblcatcopy |
| 100 ## - ENTRADA PRINCIPAL--NOMBRE DE PERSONA |
| Nombre de persona |
Trott, Paul |
| Término indicativo de función/relación |
author. |
| 9 (RLIN) |
8318 |
| 245 10 - MENCIÓN DE TÍTULO |
| Título |
Innovation management and new product development |
| Mención de responsabilidad, etc. |
/ Paul Trott. |
| 250 ## - MENCIÓN DE EDICIÓN |
| Mención de edición |
Seventh edition. |
| 264 #1 - PRODUCCIÓN, PUBLICACIÓN, DISTRIBUCIÓN, FABRICACIÓN Y COPYRIGHT |
| Producción, publicación, distribución, fabricación y copyright |
Harlow, England : |
| Nombre del de productor, editor, distribuidor, fabricante |
Pearson, |
| Fecha de producción, publicación, distribución, fabricación o copyright |
2021. |
| 300 ## - DESCRIPCIÓN FÍSICA |
| Extensión |
1 online resource : |
| Otras características físicas |
illustrations (black and white, and colour). |
| 338 ## - TIPO DE SOPORTE |
| Nombre/término del tipo de soporte |
online resource |
| Fuente |
rdacarrier |
| 500 ## - NOTA GENERAL |
| Nota general |
Previous edition: 2017. |
| 500 ## - NOTA GENERAL |
| Nota general |
Formerly CIP. |
| Institución que aplica el campo |
Uk |
| 500 ## - NOTA GENERAL |
| Nota general |
Academic |
| 504 ## - NOTA DE BIBLIOGRAFÍA, ETC. |
| Nota de bibliografía, etc. |
Includes bibliographical references and index. |
| 505 ## - NOTA DE CONTENIDO CON FORMATO |
| Nota de contenido con formato |
Part 1 Innovation management —<br/><br/>Innovation management: an introduction —<br/>National systems of innovation and entrepreneurship —<br/>Public sector innovation —<br/>Managing innovation within firms —<br/>Operations and process innovation —<br/><br/>Part 2 Turning technology into business —<br/><br/>Managing intellectual property —<br/>Managing organisational knowledge —<br/>Strategic alliances and networks —<br/>Management of research and development —<br/>Open innovation and technology transfer —<br/><br/>Part 3 New product development —<br/><br/>Business models —<br/>Market adoption and technology diffusion —<br/>New product development —<br/>Market research and its influence on new product development —<br/>Managing the new product development process. |
| 520 ## - SUMARIO, ETC. |
| Sumario, etc. |
Innovation Management and New Product Development, 7th Edition, by Trott is an established textbook on innovation management, management of technology, new product development and entrepreneurship. It provides an evidence-based approach to managing innovation in a wide range of contexts, including manufacturing, services, small to large organisations and the private and public sectors. The book keeps students abreast of the recent developments in the field of innovation and how the subject is being discussed in the wider business world through up-to-date examples, case studies, illustrations and images in every chapter.<br/><br/>Clear and informed coverage of the management processes of new product development, coupled with a practical orientation of taking students through real-life challenges and dilemmas, makes it an essential textbook for MBA, MSc and advanced undergraduate courses. |
| 530 ## - NOTA DISPONIBLE DE FORMULARIO FÃSICO ADICIONAL |
| Nota de formato físico adicional disponible |
Also issued in print format. |
| 540 ## - NOTA DE CONDICIONES DE USO Y REPRODUCCIÓN |
| Condiciones de uso y reproducción |
Restricted: Printing from this resource is governed by The Legal Deposit Libraries (Non-Print Works) Regulations (UK) and UK copyright law currently in force. |
| Institución que aplica el campo |
UkOxU |
| 650 #0 - PUNTO DE ACCESO ADICIONAL DE MATERIA--TÉRMINO DE MATERIA |
| Término de materia o nombre geográfico como elemento de entrada |
Project management |
| 9 (RLIN) |
1664 |
| 650 #0 - PUNTO DE ACCESO ADICIONAL DE MATERIA--TÉRMINO DE MATERIA |
| Término de materia o nombre geográfico como elemento de entrada |
Research & development management |
| 9 (RLIN) |
10466 |
| 650 #0 - PUNTO DE ACCESO ADICIONAL DE MATERIA--TÉRMINO DE MATERIA |
| Término de materia o nombre geográfico como elemento de entrada |
Management & management techniques |
| 9 (RLIN) |
11790 |
| 650 #0 - PUNTO DE ACCESO ADICIONAL DE MATERIA--TÉRMINO DE MATERIA |
| Término de materia o nombre geográfico como elemento de entrada |
New products |
| 9 (RLIN) |
8236 |
| 650 #0 - PUNTO DE ACCESO ADICIONAL DE MATERIA--TÉRMINO DE MATERIA |
| Término de materia o nombre geográfico como elemento de entrada |
Technological innovations |
| Subdivisión general |
Management |
| 9 (RLIN) |
2562 |
| 650 #0 - PUNTO DE ACCESO ADICIONAL DE MATERIA--TÉRMINO DE MATERIA |
| Término de materia o nombre geográfico como elemento de entrada |
Strategic planning |
| 9 (RLIN) |
3573 |
| 856 ## - LOCALIZACIÓN Y ACCESO ELECTRÓNICOS |
| Identificador Uniforme del Recurso |
<a href="https://bibliotheque.tbs-education.fr/Default/doc/SYRACUSE/3386328/innovation-management-and-new-product-development">https://bibliotheque.tbs-education.fr/Default/doc/SYRACUSE/3386328/innovation-management-and-new-product-development</a> |
| 942 ## - ELEMENTOS DE ENTRADA AGREGADA (KOHA) |
| Fuente del sistema de clasificación o colocación |
Clasificación de Library of Congress |